01147cam a2200205 a 4500040000800000082002600008100002400034245013800058260009300196300003200289500015100321500017400472650003800646650003800684700002400722710003900746942001000785999001700795952012900812 cDLC00a649 NAT 1981 C154 Or.1 aGilbertson, Esther.12aA better answer, a handbook for homemaker-home health aides working with persons with developmental disabilities and their families / aNew York, N.Y. (67 Irving Place, New York 10003) :bNational HomeCaring Council,cc1981. aix, 97 p. :bill. ;c26 cm. aCover title: A better answer, homemaker-home health aide services for the person with developmental disabilities and family--a handbook for aides. a"Published to complement A better answer, homemaker-home health aides working with persons with developmental disabilities and their families--a manual for instructors." 0aDevelopmentally disabled children 0aDevelopmentally disabled children1 aGilbertson, Esther.2 aNational HomeCaring Council (U.S.) cAEDBB c18929d18929 0010406649_000000000000000_NAT_1981_C154_OR70983650aLBCbLBCd2020-02-12eA38305o649 NAT 1981 C154 Or.r2020-02-12yEK